Discovering computers 2008 : complete

Αποθηκεύτηκε σε:
Λεπτομέρειες βιβλιογραφικής εγγραφής
Κύριος συγγραφέας: Shelly, Gary B.
Άλλοι συγγραφείς: Cashman, Thomas J., Vermaat, Misty
Μορφή: Βιβλίο
Γλώσσα:English
Δημοσίευση: Boston, Mass. : Thomson Course Technology, c2008
Έκδοση:International student ed.
Σειρά:Shelly, Gary B. Shelly Cashman series
Θέματα:
Ετικέτες: Προσθήκη ετικέτας
Δεν υπάρχουν, Καταχωρήστε ετικέτα πρώτοι!

MARC

LEADER 00000nam a2200000 i 4500
001 1/69514
008 080108s2008 eng d
020 |a 978-1-4239-1206-4 
020 |a 1-4239-1206-3 
035 |l 10093435 
040 |a GR-MY-UA  |b gre  |e aacr 
041 0 |a eng 
082 0 |a 004  |2 (22) 
100 1 |a Shelly, Gary B. 
245 1 0 |a Discovering computers 2008 :  |b complete /  |c Gary B.Shelly, Thomas J.Cashman, Misty E.Vermaat ; contributing authors Jeffrey J.Quasney ... [κ.ά.]. 
250 |a International student ed. 
260 |a Boston, Mass. :   |b Thomson Course Technology,   |c c2008 
300 |a 1 τ. (ποικίλες σελιδαριθμήσεις);  |b έγχρ. εικ.;  |c 28 εκ. 
490 1 |a Shelly Cashman Series 
504 |a Περιλαμβάνει ευρετήριο 
650 0 0 |a Computers. 
650 0 0 |a Computer science. 
650 0 0 |a Computer networks. 
700 1 |a Cashman, Thomas J. 
700 1 |a Vermaat, Misty. 
830 0 |a Shelly, Gary B. Shelly Cashman series 
852 |a INST  |b SYROS  |e 20080108  |h 004 SHE  |p 005500006801  |q 005500006801  |t BK  |y 0 
901 |a BIBL5-2008-1 
909 |a Ε  |b 133310 
922 |a 5ΕΛΗ  |b 200709  |c ΒΙΒΛΙΟΘΗΚΗ ΣΥΡΟΥ  |d GLORYBOOK 
970 |a ΚΑΓΙΑΒΑ  |b ΕΙΡΗΝΗ  |z 2008/01/08